UBT Library

The Literary guide to the United States / (Record no. 44993)

000 -LEADER
fixed length control field 00635cam a2200229 i 4500
001 - CONTROL NUMBER
control field 4190702
005 - DATE AND TIME OF LATEST TRANSACTION
control field 20180314055522.0
008 - FIXED-LENGTH DATA ELEMENTS--GENERAL INFORMATION
fixed length control field 801105s1981 nyua b 001 0deng
010 ## - LIBRARY OF CONGRESS CONTROL NUMBER
LC control number 80026823
020 ## - INTERNATIONAL STANDARD BOOK NUMBER
International Standard Book Number 0871963043 :
Terms of availability $15.95
040 ## - CATALOGING SOURCE
Original cataloging agency DLC
Transcribing agency DLC
Modifying agency DLC
041 ## - LANGUAGE CODE
Language code of text/sound track or separate title eng
043 ## - GEOGRAPHIC AREA CODE
Geographic area code n-us---
080 ## - UNIVERSAL DECIMAL CLASSIFICATION NUMBER
Universal Decimal Classification number 810.9 BEN
082 00 - DEWEY DECIMAL CLASSIFICATION NUMBER
Classification number 810.9 BEN
-- B
Edition number 19
100 ## - Rafti
Rafti 21
101 ## - Shkurtesa
Shkurtesa GJL
245 04 - TITLE STATEMENT
Title The Literary guide to the United States /
Statement of responsibility, etc Stewart Benedict, consultant editor.
504 ## - BIBLIOGRAPHY, ETC. NOTE
Bibliography, etc Includes bibliographical references and index.
906 ## - LOCAL DATA ELEMENT F, LDF (RLIN)
a 7
b cbc
c orignew
d u
e ocip
f 19
g y-gencatlg
942 ## - ADDED ENTRY ELEMENTS (KOHA)
Source of classification or shelving scheme
Item type Books
Holdings
Withdrawn status Lost status Source of classification or shelving scheme Damaged status Not for loan Collection code Permanent location Current location Shelving location Date acquired Total Checkouts Full call number Barcode Date last seen Price effective from Koha item type
          Koleksioni i përgjithshem UBT - Lipjan UBT - Lipjan Koleksioni i përgjithshem 03/14/2018   810.9 BEN 002-3001754 03/14/2018 03/14/2018 Books
          Koleksioni i përgjithshem UBT - Lipjan UBT - Lipjan Koleksioni i përgjithshem 03/14/2018   810.9 BEN 002-3001749 03/14/2018 03/14/2018 Books
          Koleksioni i përgjithshem UBT - Lipjan UBT - Lipjan Koleksioni i përgjithshem 03/14/2018   810.9 BEN 002-3001803 03/14/2018 03/14/2018 Books
          Koleksioni i përgjithshem UBT - Lipjan UBT - Lipjan Koleksioni i përgjithshem 03/14/2018   810.9 BEN 002-3001808 03/14/2018 03/14/2018 Books
          Koleksioni i përgjithshem UBT - Lipjan UBT - Lipjan Koleksioni i përgjithshem 03/14/2018   810.9 BEN 002-3001813 03/14/2018 03/14/2018 Books
          Koleksioni i përgjithshem UBT - Lipjan UBT - Lipjan Koleksioni i përgjithshem 03/14/2018   810.9 BEN 002-3001818 03/14/2018 03/14/2018 Books
          Koleksioni i përgjithshem UBT - Lipjan UBT - Lipjan Koleksioni i përgjithshem 03/14/2018   810.9 BEN 002-3001823 03/14/2018 03/14/2018 Books
          Koleksioni i përgjithshem UBT - Lipjan UBT - Lipjan Koleksioni i përgjithshem 03/14/2018   810.9 BEN 002-3001828 03/14/2018 03/14/2018 Books
          Koleksioni i përgjithshem UBT - Lipjan UBT - Lipjan Koleksioni i përgjithshem 03/14/2018   810.9 BEN 002-3001833 03/14/2018 03/14/2018 Books
          Koleksioni i përgjithshem UBT - Lipjan UBT - Lipjan Koleksioni i përgjithshem 03/14/2018   810.9 BEN 002-3001838 03/14/2018 03/14/2018 Books
          Koleksioni i përgjithshem UBT - Lipjan UBT - Lipjan Koleksioni i përgjithshem 03/14/2018   810.9 BEN 002-3001781 03/14/2018 03/14/2018 Books
UBT Library © 2015-2024. All rights reserved University Education for Business and Technology